[Event "EU School-ch U13"]
[Site "Budva"]
[Date "2017.06.11"]
[Round "1"]
[White "Damdinov, Zhegden"]
[Black "Stolyarsky, Yegor"]
[Result "0-1"]
[WhiteElo "1543"]
[BlackElo "1944"]
[PlyCount "76"]
[EventDate "2017.06.11"]
[EventType "swiss"]
[EventRounds "9"]
[EventCountry "MNE"]
[SourceTitle "EXT 2024"]
[Source "ChessBase"]
[SourceDate "2023.10.10"]
[SourceVersion "1"]
[SourceVersionDate "2023.10.10"]
[SourceQuality "1"]

1. e4 e5 2. Nf3 Nc6 3. Bb5 a6 4. Bxc6 dxc6 5. Nc3 Qd6 6. d4 f6 7. dxe5 fxe5 8. Be3 Bg4 9. Qd2 0-0-0 10. 0-0-0 Be7 11. Qe2 Qf6 12. Rxd8+ Bxd8 13. h3 Bxf3 14. Qxf3 Qxf3 15. gxf3 Ne7 16. f4 exf4 17. Bxf4 Rf8 18. Bg3 Ng6 19. Ne2 Bg5+ 20. Kb1 Nf4 21. Nxf4 Bxf4 22. b3 Bxg3 23. fxg3 Rf3 24. Rd1 Rxg3 25. Rd3 Rg1+ 26. Kb2 Re1 27. Rg3 g6 28. Rg4 Kd7 29. h4 Ke6 30. h5 Kf6 31. hxg6 hxg6 32. b4 Re3 33. a3 g5 34. Ka2 Rf3 35. Rg1 Rf4 36. Re1 Ke5 37. Rd1 Kxe4 38. Rd7 g4 0-1